Central Library OPAC University of Rajshahi

Herbal drugs industry : (Record no. 37684)

MARC details
000 -LEADER
fixed length control field 00893nam a2200277 a 4500
001 - CONTROL NUMBER
control field 37684
003 - CONTROL NUMBER IDENTIFIER
rucl marc code BD-RjUL
005 - DATE AND TIME OF LATEST TRANSACTION
control field 20211209052633.0
008 - FIXED-LENGTH DATA ELEMENTS--GENERAL INFORMATION
fixed length control field 150207s20041996ii b 001 0 eng
020 ## - INTERNATIONAL STANDARD BOOK NUMBER
International Standard Book Number 8190018116
035 ## - SYSTEM CONTROL NUMBER
System control number (BD-RjUL)
040 ## - CATALOGING SOURCE
Original cataloging agency DLC
Transcribing agency DLC
Language of cataloging eng
Modifying agency BD-RjUL
041 ## - LANGUAGE CODE
Language code of text/sound track or separate title eng
082 ## - DEWEY DECIMAL CLASSIFICATION NUMBER
Edition number 21
Classification number 615.10688
Author mark and year HER 2004
245 00 - TITLE STATEMENT
Title Herbal drugs industry :
Remainder of title practical approach to industrial pharmacognosy /
Statement of responsibility, etc. chief editor, R.D. Chaudhri.
250 ## - EDITION STATEMENT
Edition statement 1st ed.
260 ## - PUBLICATION, DISTRIBUTION, ETC. (IMPRINT)
Place of publication, distribution, etc. New Delhi :
Name of publisher, distributor, etc. Eastern Publishers,
Date of publication, distribution, etc. 1996 [reprint 1999, 2004].
300 ## - PHYSICAL DESCRIPTION
Pagination xii, 648 p. ;
Size 24 cm.
504 ## - BIBLIOGRAPHY, ETC. NOTE
Bibliography, etc Includes bibliographical references and index.
650 #0 - SUBJECT ADDED ENTRY--TOPICAL TERM
Topical term or geographic name as entry element Pharmaceutical industry
Geographic subdivision India.
9 (RLIN) 115905
Topical term or geographic name as entry element Herb industry
Geographic subdivision India.
9 (RLIN) 115906
700 1# - ADDED ENTRY--PERSONAL NAME
Personal name Chaudhuri, R. D.
Fuller form of name (Ram Dev)
942 ## - ADDED ENTRY ELEMENTS (KOHA)
Source of classification or shelving scheme Dewey Decimal Classification
Koha item type Books
Holdings
Lost status Source of classification or shelving scheme Damaged status Not for loan Collection code Permanent Location Current Location Shelving location Date acquired Cost, normal purchase price Total Checkouts Full call number Date last seen Copy number Koha item type
  Dewey Decimal Classification   Not For Loan Non-fiction Institute of Biological Sciences (IBSc) Library Institute of Biological Sciences (IBSc) Library   07/02/2015 2565.00   615.10688 HER 2004 07/02/2015 C-1 Books
  Dewey Decimal Classification   Not For Loan Non-fiction Institute of Biological Sciences (IBSc) Library Institute of Biological Sciences (IBSc) Library   07/02/2015 2180.00   615.10688 HER 1999 07/02/2015 C-2 Books